[Event "CZE-chT1W 1920"]
[Site "Czech Republic"]
[Date "2020.02.16"]
[Round "8.2"]
[White "Mikes, Jan"]
[Black "Liska, Jiri2222"]
[Result "1-0"]
[WhiteElo "2355"]
[BlackElo "2302"]
[PlyCount "49"]
[EventDate "2019.10.20"]
[EventType "team-tourn"]
[EventRounds "11"]
[EventCountry "CZE"]
[SourceTitle "CBM 195 Extra"]
[Source "ChessBase"]
[SourceDate "2020.05.31"]
[SourceVersion "1"]
[SourceVersionDate "2020.05.31"]
[SourceQuality "1"]
[WhiteTeam "Neratovice"]
[BlackTeam "Turnov Zikuda II"]
[WhiteTeamCountry "CZE"]
[BlackTeamCountry "CZE"]

1. e4 d5 2. exd5 Qxd5 3. Nc3 Qa5 4. b4 Qxb4 5. Rb1 Qd6 6. Nf3 Nf6 7. Bc4 e6 8. 0-0 Be7 9. d4 c6 10. a4 0-0 11. Rb3 Rd8 12. Qe2 Qc7 13. Re1 a6 14. Bd3 b5 15. axb5 axb5 16. Ne4 Nbd7 17. Neg5 Nf8 18. Ne5 Rxd4 19. Ngxf7 Rb4 20. Qf3 Rxb3 21. cxb3 Bb4 22. Qg3 Ng6 23. Bxg6 Bxe1 24. Bxh7+ Nxh7 25. Nh6+ 1-0

[Event "CZE-chT2E 1920"]
[Site "Czech Republic"]
[Date "2020.01.12"]
[Round "6.1"]
[White "Mikes, Jan"]
[Black "Plat, Vojtech"]
[Result "1/2-1/2"]
[WhiteElo "2355"]
[BlackElo "2573"]
[PlyCount "77"]
[EventDate "2019.10.13"]
[EventType "team-tourn"]
[EventRounds "11"]
[EventCountry "CZE"]
[SourceTitle "EXT 2024"]
[Source "ChessBase"]
[SourceDate "2023.10.10"]
[SourceVersion "1"]
[SourceVersionDate "2023.10.10"]
[SourceQuality "1"]
[WhiteTeam "Prusanky Podluzan"]
[BlackTeam "Orechov Orel"]
[WhiteTeamCountry "CZE"]
[BlackTeamCountry "CZE"]

1. e4 e5 2. Nf3 Nc6 3. d4 exd4 4. Nxd4 Nf6 5. Nxc6 bxc6 6. e5 Qe7 7. Qe2 Nd5 8. h4 a5 9. c4 Nb6 10. Nd2 Qe6 11. Nf3 Bb4+ 12. Bd2 Ba6 13. b3 Bxd2+ 14. Qxd2 d6 15. 0-0-0 dxe5 16. Qg5 Nd7 17. Qxg7 0-0-0 18. Qg5 Kb7 19. g3 f6 20. Qe3 Qe7 21. Kb2 e4 22. Nd4 Nc5 23. Be2 Rd7 24. f4 Rhd8 25. Nf5 Qf8 26. Rxd7 Rxd7 27. a3 a4 28. b4 Nd3+ 29. Bxd3 exd3 30. Qe4 Qf7 31. Kc3 Kb8 32. Rd1 Qg6 33. Rxd3 Bc8 34. Re3 Qg4 35. Nd4 Qd1 36. Nxc6+ Ka8 37. Nd4+ Kb8 38. Nc6+ Ka8 39. Nd4+ 1/2-1/2

[Event "CZE-chT1W 1920"]
[Site "Czech Republic"]
[Date "2020.01.05"]
[Round "5.6"]
[White "Dolezal, Radoslav"]
[Black "Mikes, Jan"]
[Result "1/2-1/2"]
[WhiteElo "2370"]
[BlackElo "2355"]
[PlyCount "64"]
[EventDate "2019.10.20"]
[EventType "team-tourn"]
[EventRounds "11"]
[EventCountry "CZE"]
[SourceTitle "CBM 194 Extra"]
[Source "ChessBase"]
[SourceDate "2020.03.31"]
[SourceVersion "1"]
[SourceVersionDate "2020.03.31"]
[SourceQuality "1"]
[WhiteTeam "Pankrac"]
[BlackTeam "Neratovice"]
[WhiteTeamCountry "CZE"]
[BlackTeamCountry "CZE"]

1. d4 Nf6 2. Nf3 g6 3. g3 Bg7 4. Bg2 0-0 5. 0-0 d6 6. c3 c6 7. Nbd2 Qc7 8. e4 Nbd7 9. Qe2 e5 10. dxe5 Nxe5 11. Nxe5 dxe5 12. a4 Bg4 13. f3 Be6 14. Nc4 Nd7 15. Be3 b5 16. Nd2 a6 17. f4 exf4 18. gxf4 f5 19. e5 Rfe8 20. h4 Nb6 21. axb5 axb5 22. Bxb6 Qxb6+ 23. Qf2 Qxf2+ 24. Kxf2 Rxa1 25. Rxa1 Rd8 26. Ke3 c5 27. Ra5 Bh6 28. Ra8 Rxa8 29. Bxa8 Bf8 30. Bc6 b4 31. cxb4 cxb4 32. Kd4 Be7 1/2-1/2

[Event "CZE-chT2E 1920"]
[Site "Czech Republic"]
[Date "2019.11.03"]
[Round "2.1"]
[White "Husek, Martin"]
[Black "Mikes, Jan"]
[Result "0-1"]
[WhiteElo "2192"]
[BlackElo "2355"]
[PlyCount "70"]
[EventDate "2019.10.13"]
[EventType "team-tourn"]
[EventRounds "11"]
[EventCountry "CZE"]
[SourceTitle "EXT 2024"]
[Source "ChessBase"]
[SourceDate "2023.10.10"]
[SourceVersion "1"]
[SourceVersionDate "2023.10.10"]
[SourceQuality "1"]
[WhiteTeam "Stare Mesto II"]
[BlackTeam "Prusanky Podluzan"]
[WhiteTeamCountry "CZE"]
[BlackTeamCountry "CZE"]

1. e4 c5 2. Nf3 Nc6 3. d4 cxd4 4. Nxd4 e5 5. Nb5 d6 6. N1c3 a6 7. Na3 Be7 8. Be3 b5 9. Nd5 Rb8 10. c4 b4 11. Nc2 Nf6 12. f3 0-0 13. Be2 b3 14. axb3 Rxb3 15. Qc1 a5 16. 0-0 Ba6 17. Bd2 Nxd5 18. exd5 Qb6+ 19. Kh1 Nd4 20. Nxd4 exd4 21. Rxa5 Bc8 22. Ra2 Qb8 23. Bd1 Rb7 24. b4 Bf5 25. Ba4 Ra7 26. Qa1 Bf6 27. Bc6 d3 28. Qb1 Re7 29. Re1 Re5 30. Rxe5 dxe5 31. Bc3 e4 32. Bxf6 exf3 33. Ra8 d2 34. Rxb8 Bxb1 35. Ba4 f2 0-1